Fundamentals of Digital Marketing/ (Record no. 198303)

MARC details
000 -LEADER
fixed length control field 00607nam a22001817a 4500
005 - DATE AND TIME OF LATEST TRANSACTION
control field 20231115115308.0
010 ## - LCCN (DPL NO)
LC control number ENG-138113
020 ## - INTERNATIONAL STANDARD BOOK NUMBER
International Standard Book Number 9789357059619
Terms of availability 649.00
035 ## - SYSTEM CONTROL NUMBER
System control number EN-121645
037 ## - SOURCE OF ACQUISITION
Source of stock number/acquisition DBAD/PUB
082 ## - DEWEY DECIMAL CLASSIFICATION NUMBER
Classification number 658.872
100 ## - MAIN ENTRY--PERSONAL NAME
Personal name Bhatia, Puneet Singh
245 ## - TITLE STATEMENT
Title Fundamentals of Digital Marketing/
Statement of responsibility, etc By Puneet Singh Bhatia
260 ## - PUBLICATION, DISTRIBUTION, ETC. (IMPRINT)
Place of publication, distribution, etc Uttar Pradesh
Name of publisher, distributor, etc Pearson India Education Services Pvt.Ltd.
Date of publication, distribution, etc 2023
270 ## - ADDRESS
Address 1st Floor, Berger Tower, Plot No. C-001A/2, Sector 16B
City Noida
Postal code 201301
300 ## - PHYSICAL DESCRIPTION
Extent xxiii,488
Dimensions 24cm(pbk)
942 ## - ADDED ENTRY ELEMENTS (KOHA)
Source of classification or shelving scheme Dewey Decimal Classification
Item type English Books
Classification part 658.872
Call number suffix BHA
Holdings
Withdrawn status Lost status Not for loan Collection code Home library Current library Date acquired Source of acquisition Cost, normal purchase price Full call number Barcode Copy number Cost, replacement price Koha item type
      Non-fiction Bawana Bawana 18/09/2023 DBAD/PUB 649.00 658.872 BHA EN-121645 1 649.00 English Books

© Delhi Public Library
Hit Counter
free hit counter